[Event "Valenciana Comunity op"]
[Site "L'Alfas del Pi"]
[Date "2011.06.18"]
[Round "5"]
[White "Nicolas Fernandez, Juan Antonio"]
[Black "Escriva Agud, Salvador"]
[Result "0-1"]
[WhiteElo "1435"]
[BlackElo "1711"]
[PlyCount "53"]
[EventDate "2011.06.11"]
[EventType "swiss"]
[EventRounds "7"]
[EventCountry "ESP"]
[SourceTitle "EXT 2013"]
[Source "ChessBase"]
[SourceDate "2012.11.22"]
[SourceVersion "1"]
[SourceVersionDate "2012.11.22"]
[SourceQuality "1"]

1. c4 Nf6 2. g3 e5 3. d3 c6 4. Bg2 d5 5. cxd5 Nxd5 6. Nf3 Qc7 7. Nc3 Be7 8. Nxd5 cxd5 9. 0-0 0-0 10. Rb1 Nc6 11. a3 Be6 12. b4 a6 13. Bb2 f6 14. Nd2 Rac8 15. Rc1 Qb6 16. e3 a5 17. Rb1 axb4 18. axb4 Nxb4 19. Bc3 Rxc3 20. Qe2 Rfc8 21. Qh5 Qa6 22. d4 e4 23. f4 Qd3 24. f5 Qxe3+ 25. Kh1 Bf7 26. Qd1 Nd3 27. Qe1 0-1

[Event "Mislata op-C"]
[Site "Mislata"]
[Date "2010.08.17"]
[Round "3"]
[White "Zurita Vallejo, Fernando"]
[Black "Nicolas Fernandez, Juan Antonio"]
[Result "1-0"]
[WhiteElo "1728"]
[BlackElo "1437"]
[PlyCount "85"]
[EventDate "2010.08.16"]
[EventType "swiss"]
[EventRounds "9"]
[EventCountry "ESP"]
[SourceTitle "EXT 2012"]
[Source "ChessBase"]
[SourceDate "2011.11.24"]
[SourceVersion "1"]
[SourceVersionDate "2011.11.24"]
[SourceQuality "1"]

1. f4 Nf6 2. Nf3 g6 3. Nc3 d5 4. e3 Bg4 5. Be2 Bxf3 6. Bxf3 Bg7 7. 0-0 c6 8. Ne2 Nbd7 9. d4 e6 10. b3 Bf8 11. Qd3 Qc7 12. Bb2 Be7 13. c4 h5 14. g3 0-0 15. h3 Rfd8 16. Qc2 Rac8 17. Rac1 c5 18. cxd5 exd5 19. Qb1 Qb6 20. Qd3 Qe6 21. f5 Qxf5 22. Qxf5 gxf5 23. Nf4 Bd6 24. Nxh5 Ne4 25. Rc2 cxd4 26. Rxc8 Rxc8 27. Bxd4 Rc2 28. Bg2 Rxa2 29. Rxf5 Bc5 30. Rxd5 Bxd4 31. Rxd4 Ra1+ 32. Kh2 Nef6 33. Bxb7 Ra2+ 34. Bg2 Kf8 35. Nxf6 Nxf6 36. g4 Ke7 37. Ra4 Re2 38. e4 Kd6 39. Ra6+ Ke7 40. Rxa7+ Ke6 41. Ra4 Rb2 42. Rb4 Ke7 43. Kg3 1-0